000 00629nam a2200265Ia 4500
005 20260306164315.0
008 008 260114s9999 xx 000 0 eng d
020 _a9781400834648
037 _aEBOOK
040 _aCRL
040 _beng
040 _cCRL
041 _2eng
041 _aeng
084 _qCRL
100 _aDewatripont, Rochet, Tirole
_91130405
245 0 _aBalancing The Banks
260 _bPrinceton University Press
260 _c2017
650 _aEconomics & Finance
856 _uhttps://academic.oup.com/book/23244
942 _cEBOOK
999 _c1713586
_d1713586